ARRUPE JESUIT UNIVERSITY

CORONAVIRUS -STOP THE SPREAD - CLEAN,DISINFECT,COVER

Rudyard Kipling (Record no. 120696)

MARC details
000 -LEADER
fixed length control field 00435nam a22001457a 4500
008 - FIXED-LENGTH DATA ELEMENTS--GENERAL INFORMATION
fixed length control field 140611b xxu||||| |||| 00| 0 eng d
050 ## - LIBRARY OF CONGRESS CALL NUMBER
Classification number PR4852.C663
100 ## - MAIN ENTRY--PERSONAL NAME
Personal name Cochrane, James
9 (RLIN) 10808
245 ## - TITLE STATEMENT
Title Rudyard Kipling
Remainder of title selected verse
Statement of responsibility, etc James Cochrane
260 ## - PUBLICATION, DISTRIBUTION, ETC. (IMPRINT)
Place of publication, distribution, etc Australia
Name of publisher, distributor, etc Penguin Books
Date of publication, distribution, etc 1977
300 ## - PHYSICAL DESCRIPTION
Extent 313p. ;
Dimensions 18cm,.
600 ## - SUBJECT ADDED ENTRY--PERSONAL NAME
Personal name Kipling, Rudyard
9 (RLIN) 10809
600 ## - SUBJECT ADDED ENTRY--PERSONAL NAME
Personal name Cochrane, James(ed.)
9 (RLIN) 10810
942 ## - ADDED ENTRY ELEMENTS (KOHA)
Source of classification or shelving scheme Library of Congress Classification
Item type Monograph ( Printed materials)
Holdings
Withdrawn status Lost status Source of classification or shelving scheme Damaged status Not for loan Collection code Home library Current library Shelving location Date acquired Total Checkouts Full call number Barcode Date last seen Price effective from Koha item type
    Library of Congress Classification     Main Collection ARRUPE LIBRARY ARRUPE LIBRARY Main Collection 11/06/2014   PR4852.C663 46500000560 11/06/2014 11/06/2014 Monograph ( Printed materials)

 

Arrupe Library. PO Box MP320 Mt Pleasant, Harare, Zimbabwe
263 242 745411|librarian@aju.ac.zw